000 00418nam a22001217a 4500
082 _a220 PRO
100 _aRABBIA,NEELMA,KOMAL,SUNDAS
_972428
245 _aPR-SOF-1087-AUTONOMOUS NAVIGATION FOR FIXED WING RC PLANE USING NEURO FUZZY BASED ADAPTIVE FLIGHT CONTROLLER
260 _aISLAMABAD
_bNUST COLLEGE OF EME
_c2011
650 _aDE-MTS-29
_972429
700 _aSUPERVISOR ,DR JAVAID IQBAL
_969684
942 _cCR
_2ddc
999 _c578461
_d578461